| 000 | 01586 a2200241 4500 | ||
|---|---|---|---|
| 003 | Nust | ||
| 005 | 20221027121728.0 | ||
| 010 | _a 78018649 | ||
| 020 | _a0201063328 : | ||
| 040 | _cNust | ||
| 082 | 0 | 0 | _a621.3,REI |
| 100 | 1 |
_aReitz, John R. _9101480 |
|
| 245 | 1 | 0 |
_aFoundations of electromagnetic theory / _cJohn R. Reitz, Frederick J. Milford, Robert W. Christy. |
| 250 | _a3rd ed. | ||
| 260 |
_aReading, Mass. : _bAddison-Wesley, _cc1979. |
||
| 300 |
_ax, 534 p. : _bill. ; _c25 cm. |
||
| 440 | 0 |
_aAddison-Wesley series in physics _9101481 |
|
| 505 | _aVector Analysis (Page-1), Electrostatics (Page-26), Solution of Electrostatic Problems (Page-56), The Electrostatic Field in Dielectric Media (Page-97), Microscopic Theory of Dielectrics (Page-127), Electrostatic Energy (Page-141), Electric Current (Page-162), The Magnetic Field of Steady Currents (Page-190), Magnetic Properties of Matter (Page-218), Microscopic Theory of Magnetism (Page-256), Electromagnetic Induction (Page-271), Magnetic Energy (Page289), Slowly Varying Currents (Page-305), Physics of Plasmas (Page-341), Electromagnetic Properties of Superconductors (Page-365), Maxwell's Equations (Page-386), Propagation of Monochromatic Electromagnetic Waves (Page-412), Monochromatic Waves in Bounded Regions (Page-441), Dispersion and Oscillating Fields in Dispersive Media (Page-484), The Emission of Radiation (Page-525), Electrodynamics (Page-545), | ||
| 650 | 0 |
_aElectromagnetic theory. _910270 |
|
| 700 | 1 |
_aChristy, Robert W., _9101482 |
|
| 700 | 1 |
_aMilford, Frederick J., _9101483 |
|
| 942 |
_2ddc _cBK |
||
| 999 |
_c178419 _d178419 |
||